VLSI in the laboratory, the office, the factory, the home : digest of papers, COMPCON Spring 81, twenty-second Computer Society International Conference, Jack Tar Hotel, San Francisco, California, February 23-26 /

Bibliographic Details
Corporate Authors: COMPCON San Francisco, Calif., IEEE Computer Society
Format: Conference Proceeding Book
Language:English
Published: New York, NY (345 E. 47th St., New York 10017) : Los Alamitos, CA (10662 Los Vaqueros Circle, Los Alamitos 90720) : Institute of Electrical and Electronics Engineers ; Available from The Society, [1981]
Subjects:

MARC

Tag First Indicator Second Indicator Subfields
LEADER 00000cam a2200000 a 4500
001 in00000081347
005 20151008061036.0
008 810709s1981 nyua b 00110 eng
010 |a  80085186  
035 |a (OCoLC)07652864 
035 |9 AAJ7169AM 
039 0 |a 2  |b 3  |c 3  |d 3  |e 3 
040 |a DLC  |c DLC  |d OCL  |d TXA  |d UtOrBLW 
049 |a TXAM  |c [1196556] 
050 0 0 |a TK7874  |b .C647 1981 
082 0 |a 001.64/404  |2 19 
111 2 |a COMPCON  |n (22nd :  |d 1981 :  |c San Francisco, Calif.) 
245 1 0 |a VLSI in the laboratory, the office, the factory, the home :  |b digest of papers, COMPCON Spring 81, twenty-second Computer Society International Conference, Jack Tar Hotel, San Francisco, California, February 23-26 /  |c sponsored by the IEEE Computer Society. 
264 1 |a New York, NY (345 E. 47th St., New York 10017) :  |b Institute of Electrical and Electronics Engineers ;  |a Los Alamitos, CA (10662 Los Vaqueros Circle, Los Alamitos 90720) :  |b Available from The Society,  |c [1981] 
264 4 |c ©1981 
300 |a xvi, 481 pages :  |b illustrations ;  |c 28 cm. 
336 |a text  |b txt  |2 rdacontent 
337 |a unmediated  |b n  |2 rdamedia 
338 |a volume  |b nc  |2 rdacarrier 
500 |a Spine title: IEEE 1981 Compcon Spring. 
504 |a Includes bibliographical references and index. 
650 0 |a Integrated circuits  |x Very large scale integration  |v Congresses. 
710 2 |a IEEE Computer Society. 
740 0 |a IEEE 1981 Compcon spring. 
999 |a MARS 
999 f f |s 139196f6-2bb1-3196-b56c-44e367a148d2  |i b757dda1-1495-3d51-b64a-6ff47f23cd69  |t 0 
952 f f |p ric  |a Texas A&M University  |b Rellis Campus  |c Joint Library Facility  |d Remote Storage  |t 0  |e TK7874 .C647 1981  |h Library of Congress classification  |i unmediated -- volume  |m A14806252238 
998 f f |a TK7874 .C647 1981  |t 0  |l Remote Storage